日本の市町村1999 #5(東海) - Statistics

General Stats
  • This quiz has been taken 121 times
  • The average score is 191 of 330
Answer Stats
都道府県 所属郡名 市区町村名 % Correct
岐阜県 岐阜市
96%
岐阜県 大垣市
96%
岐阜県 各務原市
92%
岐阜県 多治見市
92%
岐阜県 高山市
92%
岐阜県 中津川市
92%
岐阜県 関市
90%
岐阜県 羽島市
90%
岐阜県 可児市
88%
岐阜県 恵那市
88%
岐阜県 土岐市
88%
岐阜県 美濃加茂市
88%
岐阜県 瑞浪市
88%
岐阜県 安八郡 安八町
88%
静岡県 静岡市
88%
静岡県 浜松市
88%
静岡県 富士市
88%
静岡県 沼津市
88%
静岡県 三島市
88%
静岡県 熱海市
88%
岐阜県 美濃市
86%
岐阜県 不破郡 関ヶ原町
86%
静岡県 清水市
86%
静岡県 焼津市
86%
静岡県 藤枝市
86%
静岡県 磐田市
86%
静岡県 島田市
86%
愛知県 名古屋市
86%
愛知県 岡崎市
86%
愛知県 一宮市
86%
岐阜県 養老郡 養老町
84%
岐阜県 本巣郡 本巣町
84%
岐阜県 大野郡 白川村
84%
静岡県 富士宮市
84%
静岡県 掛川市
84%
静岡県 御殿場市
84%
静岡県 伊東市
84%
静岡県 下田市
84%
愛知県 豊橋市
84%
愛知県 春日井市
84%
愛知県 安城市
84%
愛知県 小牧市
84%
愛知県 東海市
84%
愛知県 犬山市
84%
愛知県 尾西市
84%
愛知県 新城市
84%
岐阜県 羽島郡 岐南町
82%
静岡県 袋井市
82%
静岡県 裾野市
82%
愛知県 豊田市
82%
愛知県 豊川市
82%
愛知県 西尾市
82%
愛知県 瀬戸市
82%
愛知県 刈谷市
82%
愛知県 碧南市
82%
愛知県 知立市
82%
愛知県 常滑市
82%
三重県 津市
82%
三重県 四日市市
82%
岐阜県 羽島郡 笠松町
80%
岐阜県 不破郡 垂井町
80%
岐阜県 揖斐郡 揖斐川町
80%
岐阜県 益田郡 下呂町
80%
静岡県 湖西市
80%
静岡県 天竜市
80%
愛知県 稲沢市
80%
愛知県 蒲郡市
80%
愛知県 愛知郡 長久手町
80%
愛知県 北設楽郡 設楽町
80%
愛知県 渥美郡 田原町
80%
三重県 伊勢市
80%
岐阜県 加茂郡 八百津町
78%
愛知県 知多市
78%
愛知県 知多郡 武豊町
78%
愛知県 知多郡 阿久比町
78%
三重県 鈴鹿市
78%
三重県 桑名市
78%
三重県 名張市
78%
三重県 熊野市
78%
三重県 尾鷲市
78%
岐阜県 海津郡 海津町
76%
岐阜県 可児郡 御嵩町
76%
岐阜県 郡上郡 八幡町
76%
静岡県 浜北市
76%
静岡県 小笠郡 菊川町
76%
静岡県 賀茂郡 東伊豆町
76%
愛知県 江南市
76%
愛知県 尾張旭市
76%
愛知県 知多郡 東浦町
76%
愛知県 額田郡 幸田町
76%
愛知県 北設楽郡 豊根村
76%
三重県 鳥羽市
76%
岐阜県 加茂郡 白川町
74%
岐阜県 加茂郡 東白川村
74%
静岡県 榛原郡 御前崎町
74%
静岡県 賀茂郡 南伊豆町
74%
愛知県 大府市
74%
愛知県 豊明市
74%
愛知県 日進市
74%
愛知県 知多郡 南知多町
74%
愛知県 海部郡 蟹江町
74%
愛知県 海部郡 弥富町
74%
三重県 松阪市
74%
三重県 上野市
74%
静岡県 庵原郡 由比町
72%
静岡県 駿東郡 長泉町
72%
静岡県 田方郡 函南町
72%
静岡県 賀茂郡 西伊豆町
72%
愛知県 津島市
72%
愛知県 岩倉市
72%
愛知県 高浜市
72%
愛知県 愛知郡 東郷町
72%
愛知県 海部郡 飛島村
72%
愛知県 北設楽郡 東栄町
72%
三重県 多気郡 多気町
72%
岐阜県 安八郡 輪之内町
70%
岐阜県 益田郡 金山町
70%
静岡県 引佐郡 三ケ日町
70%
愛知県 半田市
70%
愛知県 西春日井郡 豊山町
70%
愛知県 西春日井郡 清洲町
70%
愛知県 丹羽郡 大口町
70%
愛知県 額田郡 額田町
70%
愛知県 幡豆郡 幡豆町
70%
三重県 亀山市
70%
三重県 桑名郡 木曽岬町
70%
三重県 度会郡 度会町
70%
岐阜県 安八郡 墨俣町
68%
岐阜県 養老郡 上石津町
68%
岐阜県 揖斐郡 大野町
68%
岐阜県 郡上郡 白鳥町
68%
静岡県 庵原郡 蒲原町
68%
静岡県 庵原郡 富士川町
68%
静岡県 榛原郡 吉田町
68%
静岡県 周智郡 森町
68%
静岡県 引佐郡 引佐町
68%
静岡県 駿東郡 清水町
68%
静岡県 田方郡 修善寺町
68%
静岡県 賀茂郡 松崎町
68%
愛知県 知多郡 美浜町
68%
岐阜県 吉城郡 古川町
66%
静岡県 駿東郡 小山町
66%
愛知県 西春日井郡 西春町
66%
愛知県 丹羽郡 扶桑町
66%
愛知県 北設楽郡 富山村
66%
三重県 久居市
66%
三重県 三重郡 川越町
66%
三重県 員弁郡 員弁町
66%
岐阜県 揖斐郡 池田町
64%
岐阜県 本巣郡 穂積町
64%
岐阜県 本巣郡 北方町
64%
岐阜県 加茂郡 七宗町
64%
静岡県 榛原郡 金谷町
64%
静岡県 浜名郡 新居町
64%
愛知県 海部郡 大治町
64%
愛知県 葉栗郡 木曽川町
64%
愛知県 幡豆郡 一色町
64%
愛知県 渥美郡 渥美町
64%
三重県 桑名郡 長島町
64%
静岡県 小笠郡 小笠町
62%
愛知県 海部郡 甚目寺町
62%
愛知県 西加茂郡 三好町
62%
岐阜県 安八郡 神戸町
60%
岐阜県 武儀郡 武儀町
60%
岐阜県 加茂郡 坂祝町
60%
岐阜県 益田郡 萩原町
60%
岐阜県 吉城郡 神岡町
60%
静岡県 榛原郡 川根町
60%
静岡県 磐田郡 佐久間町
60%
静岡県 賀茂郡 河津町
60%
三重県 三重郡 朝日町
60%
三重県 員弁郡 東員町
60%
三重県 一志郡 一志町
60%
岐阜県 加茂郡 川辺町
58%
岐阜県 加茂郡 富加町
58%
静岡県 榛原郡 榛原町
58%
愛知県 西春日井郡 西枇杷島町
58%
静岡県 磐田郡 水窪町
56%
愛知県 海部郡 佐屋町
56%
愛知県 西春日井郡 師勝町
56%
愛知県 渥美郡 赤羽根町
56%
三重県 三重郡 菰野町
56%
三重県 多気郡 明和町
56%
三重県 多気郡 大台町
56%
岐阜県 海津郡 南濃町
54%
岐阜県 恵那郡 明智町
54%
静岡県 小笠郡 浜岡町
54%
静岡県 浜名郡 舞阪町
54%
静岡県 田方郡 伊豆長岡町
54%
愛知県 南設楽郡 鳳来町
54%
愛知県 宝飯郡 小坂井町
54%
岐阜県 本巣郡 根尾村
52%
岐阜県 益田郡 小坂町
52%
静岡県 志太郡 大井川町
52%
愛知県 中島郡 祖父江町
52%
愛知県 東加茂郡 足助町
52%
愛知県 幡豆郡 吉良町
52%
愛知県 北設楽郡 稲武町
52%
愛知県 宝飯郡 一宮町
52%
岐阜県 海津郡 平田町
50%
岐阜県 郡上郡 高鷲村
50%
静岡県 榛原郡 相良町
50%
静岡県 榛原郡 本川根町
50%
三重県 北牟婁郡 紀伊長島町
50%
三重県 南牟婁郡 鵜殿村
50%
岐阜県 恵那郡 坂下町
48%
愛知県 海部郡 十四山村
48%
愛知県 宝飯郡 御津町
48%
三重県 名賀郡 青山町
48%
三重県 志摩郡 志摩町
48%
三重県 南牟婁郡 紀宝町
48%
岐阜県 揖斐郡 藤橋村
46%
静岡県 榛原郡 中川根町
46%
静岡県 田方郡 土肥町
46%
愛知県 宝飯郡 音羽町
46%
三重県 桑名郡 多度町
46%
三重県 度会郡 玉城町
46%
三重県 志摩郡 磯部町
46%
岐阜県 羽島郡 川島町
44%
岐阜県 揖斐郡 谷汲村
44%
岐阜県 可児郡 兼山町
44%
岐阜県 恵那郡 加子母村
44%
岐阜県 大野郡 久々野町
44%
岐阜県 大野郡 荘川村
44%
愛知県 西春日井郡 新川町
44%
三重県 鈴鹿郡 関町
44%
三重県 一志郡 香良洲町
44%
三重県 飯南郡 飯南町
44%
岐阜県 羽島郡 柳津町
42%
岐阜県 本巣郡 巣南町
42%
岐阜県 益田郡 馬瀬村
42%
岐阜県 大野郡 清見村
42%
静岡県 志太郡 岡部町
42%
静岡県 周智郡 春野町
42%
静岡県 磐田郡 豊田町
42%
静岡県 浜名郡 雄踏町
42%
愛知県 海部郡 七宝町
42%
愛知県 西春日井郡 春日町
42%
三重県 三重郡 楠町
42%
三重県 員弁郡 北勢町
42%
三重県 員弁郡 藤原町
42%
三重県 一志郡 嬉野町
42%
岐阜県 武儀郡 武芸川町
40%
岐阜県 土岐郡 笠原町
40%
岐阜県 恵那郡 上矢作町
40%
岐阜県 郡上郡 美並村
40%
岐阜県 吉城郡 国府町
40%
静岡県 引佐郡 細江町
40%
静岡県 田方郡 韮山町
40%
三重県 阿山郡 阿山町
40%
三重県 南牟婁郡 御浜町
40%
岐阜県 本巣郡 糸貫町
38%
岐阜県 山県郡 伊自良村
38%
岐阜県 武儀郡 洞戸村
38%
岐阜県 恵那郡 岩村町
38%
岐阜県 郡上郡 大和町
38%
岐阜県 吉城郡 上宝村
38%
静岡県 磐田郡 福田町
38%
静岡県 田方郡 天城湯ヶ島町
38%
愛知県 海部郡 立田村
38%
岐阜県 恵那郡 付知町
36%
岐阜県 郡上郡 明宝村
36%
静岡県 富士郡 芝川町
36%
静岡県 田方郡 大仁町
36%
静岡県 田方郡 戸田村
36%
愛知県 海部郡 美和町
36%
三重県 阿山郡 伊賀町
36%
三重県 阿山郡 島ヶ原村
36%
岐阜県 郡上郡 和良村
34%
岐阜県 吉城郡 河合村
34%
静岡県 小笠郡 大須賀町
34%
愛知県 海部郡 佐織町
34%
愛知県 東加茂郡 旭町
34%
愛知県 南設楽郡 作手村
34%
三重県 安芸郡 芸濃町
34%
岐阜県 揖斐郡 春日村
32%
岐阜県 本巣郡 真正町
32%
岐阜県 恵那郡 山岡町
32%
岐阜県 大野郡 宮村
32%
静岡県 田方郡 中伊豆町
32%
静岡県 賀茂郡 賀茂村
32%
三重県 安芸郡 安濃町
32%
三重県 一志郡 美杉村
32%
三重県 志摩郡 大王町
32%
岐阜県 山県郡 高富町
30%
岐阜県 山県郡 美山町
30%
岐阜県 武儀郡 上之保村
30%
岐阜県 武儀郡 板取村
30%
岐阜県 恵那郡 川上村
30%
静岡県 磐田郡 龍山村
30%
愛知県 西加茂郡 藤岡町
30%
愛知県 北設楽郡 津具村
30%
三重県 員弁郡 大安町
30%
三重県 度会郡 南勢町
30%
岐阜県 恵那郡 蛭川村
28%
岐阜県 大野郡 高根村
28%
岐阜県 吉城郡 宮川村
28%
愛知県 中島郡 平和町
28%
三重県 一志郡 白山町
28%
三重県 一志郡 三雲町
28%
三重県 多気郡 宮川村
28%
三重県 度会郡 二見町
28%
岐阜県 恵那郡 福岡町
26%
岐阜県 大野郡 朝日村
26%
静岡県 磐田郡 竜洋町
26%
愛知県 東加茂郡 下山村
26%
三重県 安芸郡 河芸町
26%
三重県 飯南郡 飯高町
26%
三重県 度会郡 南島町
26%
三重県 志摩郡 阿児町
26%
三重県 志摩郡 浜島町
26%
岐阜県 揖斐郡 坂内村
24%
愛知県 海部郡 八開村
24%
三重県 度会郡 大内山村
24%
岐阜県 恵那郡 串原村
22%
岐阜県 大野郡 丹生川村
22%
静岡県 小笠郡 大東町
22%
静岡県 磐田郡 豊岡村
22%
愛知県 西加茂郡 小原村
22%
三重県 度会郡 御薗村
20%
三重県 北牟婁郡 海山町
20%
三重県 多気郡 勢和村
18%
三重県 度会郡 紀勢町
18%
静岡県 磐田郡 浅羽町
16%
三重県 安芸郡 美里村
16%
三重県 阿山郡 大山田村
16%
三重県 度会郡 大宮町
16%
三重県 南牟婁郡 紀和町
16%
岐阜県 揖斐郡 久瀬村
14%
三重県 度会郡 小俣町
14%
No matching quizzes found
Score Distribution
Percent of People with Each Score
Percentile by Number Answered
Your Score History
You have not taken this quiz